[Event "III Weekend INPS"]
[Site "Roma ITA"]
[Date "1998.04.??"]
[Round "3"]
[White "D'Andrea, Stefano"]
[Black "Gaspero, Mario"]
[Result "1-0"]
[WhiteElo "1663"]
[BlackElo "1785"]
[PlyCount "47"]
[EventDate "1998.04.??"]

1. e4 e6 2. d4 d5 3. Nc3 Bb4 4. e5 c5 5. Bd2 Bxc3 6. Bxc3 cxd4 7. Qxd4 f5 8.
exf6 Nxf6 9. g4 O-O 10. Bb5 Bd7 11. g5 Bxb5 12. gxf6 e5 13. Qc5 Qxf6 14. O-O-O
Bc6 15. Ne2 Na6 16. Qa5 d4 17. Nxd4 exd4 18. Bxd4 Qf5 19. Rhg1 g6 20. Qd2 Qf4
21. Be3 Qb4 22. c3 Qa5 23. Qc2 Qxa2 24. Rxg6+ 1-0

[Event "III Weekend INPS"]
[Site "Roma ITA"]
[Date "1998.04.??"]
[Round "3"]
[White "Farina, Saverio"]
[Black "Micaloni, Mario"]
[Result "1/2-1/2"]
[WhiteElo "2200"]
[BlackElo "1705"]
[PlyCount "136"]
[EventDate "1998.04.??"]

1. d4 Nf6 2. c4 g6 3. Nc3 d5 4. e3 Bg7 5. Nf3 O-O 6. Be2 Nc6 7. O-O a6 8. cxd5
Nxd5 9. e4 Nxc3 10. bxc3 b5 11. Rb1 Bb7 12. Bd3 Qd7 13. Bf4 e5 14. dxe5 Qg4 15.
Qc1 Rad8 16. Bc2 Rfe8 17. h3 Qc8 18. a4 Nxe5 19. Nxe5 Bxe5 20. axb5 axb5 21.
Bxe5 Rxe5 22. Qf4 Qe6 23. f3 Kg7 24. Kh1 Rc5 25. c4 Qe5 26. Qxe5+ Rxe5 27. Rxb5
Rxb5 28. cxb5 Rd4 29. Kh2 Kf6 30. Kg3 h5 31. Rd1 Rc4 32. Bd3 Rc3 33. Kf2 g5 34.
Ke3 Ke5 35. g3 h4 36. gxh4 gxh4 37. f4+ Ke6 38. Kd4 Ra3 39. Rc1 Ra4+ 40. Rc4
Rxc4+ 41. Bxc4+ Ke7 42. Be2 Bc8 43. Bf1 f6 44. Kc5 Bd7 45. f5 Be8 46. Be2 Bd7
47. Bh5 Kf8 48. Be2 Ke7 49. Bc4 Be8 50. Kd5 Bd7 51. Bd3 Be8 52. e5 Bh5 53.
exf6+ Kxf6 54. Ke4 Bd1 55. Kf4 Bh5 56. Be4 Bd1 57. Bc6 Bh5 58. Bd7 Be2 59. Be8
Ke7 60. Bc6 Kf6 61. Bd7 Ke7 62. Bc8 Kf6 63. Ba6 c6 64. bxc6 Bxa6 65. Kg4 Bc8
66. Kxh4 Bxf5 67. Kg3 Kg5 68. c7 Bc8 1/2-1/2

[Event "III Weekend INPS"]
[Site "Roma ITA"]
[Date "1998.04.??"]
[Round "3"]
[White "Ferretti, Folco"]
[Black "Tomescu, Vlad"]
[Result "1/2-1/2"]
[WhiteElo "2270"]
[BlackElo "2415"]
[PlyCount "91"]
[EventDate "1998.04.??"]

1. e4 c5 2. Nf3 Nc6 3. c3 e5 4. Bc4 Qc7 5. Ng5 Nd8 6. O-O Ne6 7. d3 Nf6 8. f4
exf4 9. Nxe6 dxe6 10. Bxf4 Bd6 11. Bxd6 Qxd6 12. Nd2 O-O 13. Nf3 e5 14. Qd2 Be6
15. Bxe6 Qxe6 16. Qg5 Rfe8 17. Nh4 Qg4 18. Qxg4 Nxg4 19. h3 Nf6 20. Rf3 Rad8
21. Raf1 Rd7 22. Re3 Red8 23. Rf5 Rxd3 24. Rxd3 Rxd3 25. Rxe5 Rd1+ 26. Kh2 g6
27. Rxc5 Nxe4 28. Rc7 f5 29. Nf3 g5 30. Re7 h5 31. Nd4 h4 32. Nxf5 Nf2 33. g3
Rd2 34. gxh4 gxh4 35. Rxb7 Nd3+ 36. Kg1 a5 37. Nxh4 Nxb2 38. Nf3 Rc2 39. Nd4
Rd2 40. Kf1 a4 41. Ke1 Rh2 42. Ne2 a3 43. Ra7 Kf8 44. Rxa3 Nd3+ 45. Kd1 Nb2+
46. Ke1 1/2-1/2

[Event "III Weekend INPS"]
[Site "Roma ITA"]
[Date "1998.04.??"]
[Round "3"]
[White "Iatrino, Vincenzo"]
[Black "Marta, Daniele"]
[Result "1-0"]
[WhiteElo "1740"]
[BlackElo "1888"]
[PlyCount "125"]
[EventDate "1998.04.??"]

1. e4 e6 2. d4 d5 3. e5 c5 4. c3 Nc6 5. Nf3 Bd7 6. Be3 Qb6 7. Qd2 Rc8 8. Bd3
cxd4 9. Bxd4 Bc5 10. Bxc5 Qxc5 11. Qg5 Qf8 12. Nbd2 Nge7 13. O-O f6 14. exf6
Qxf6 15. Qh5+ g6 16. Qh6 Ng8 17. Qe3 Nge7 18. Rfe1 O-O 19. Qh6 Qg7 20. Qxg7+
Kxg7 21. Re2 Nf5 22. Nb3 b6 23. Bb5 Rfe8 24. Rae1 h6 25. Bxc6 Rxc6 26. Ne5 Rc7
27. Nxd7 Rxd7 28. Rxe6 Rxe6 29. Rxe6 Kf7 30. Re2 h5 31. h3 Kf6 32. g4 hxg4 33.
hxg4 Nh6 34. f3 Kg5 35. Rd2 Ng8 36. Nd4 Rd6 37. Nb5 Rd7 38. c4 Nf6 39. cxd5
Nxd5 40. Nc3 Nf6 41. Rxd7 Nxd7 42. Kf2 Kf4 43. Nd5+ Ke5 44. Ne7 Kf6 45. Nc6 a5
46. Ke3 Ke6 47. Nd4+ Kd5 48. f4 Nf6 49. g5 Ng8 50. f5 gxf5 51. Nxf5 Ke5 52. Nh4
Ne7 53. g6 Kf6 54. Kf4 Nc6 55. Kg4 Ne7 56. Kh5 Ng8 57. a4 Ke6 58. Kg5 Nf6 59.
g7 Kf7 60. Nf5 Ng8 61. Nh6+ Kxg7 62. Nxg8 Kxg8 63. Kf6 1-0

[Event "III Weekend INPS"]
[Site "Roma ITA"]
[Date "1998.04.??"]
[Round "3"]
[White "Manzanilla, Rufino"]
[Black "Ridolfi, Raffaele"]
[Result "1/2-1/2"]
[WhiteElo "1726"]
[BlackElo "1786"]
[PlyCount "140"]
[EventDate "1998.04.??"]

1. Nf3 Nf6 2. b4 g6 3. Bb2 Bg7 4. e3 O-O 5. Be2 b6 6. O-O Bb7 7. d3 d5 8. Nbd2
Nbd7 9. a4 Re8 10. d4 Ne4 11. Ne5 Nxe5 12. dxe5 Nxd2 13. Qxd2 e6 14. f4 Rc8 15.
a5 c5 16. axb6 Qxb6 17. bxc5 Qxc5 18. Rfc1 a6 19. Bd4 Qc6 20. c3 Ra8 21. Rcb1
Bf8 22. Rb6 Qc8 23. Qb2 Re7 24. Rb1 Bc6 25. Qa2 Bb7 26. R1b3 Rc7 27. Qb2 Ra7
28. Rxe6 Qxe6 29. Bxa7 Bc8 30. Bd4 Kg7 31. Rb6 Rc6 32. Rxc6 Qxc6 33. e6+ f6 34.
Qb6 Qxb6 35. Bxb6 Ba3 36. Ba5 Kf8 37. c4 dxc4 38. Bxc4 Ke7 39. Kf2 f5 40. h3
Bc5 41. Ke2 Bxe6 42. Bxa6 Bd5 43. Kf2 Kd6 44. Be2 Be4 45. Bc3 Ba3 46. Be5+ Kc5
47. Ba6 Bc1 48. Bd4+ Kd6 49. Bc4 Bd5 50. Bd3 Ba3 51. g4 Be6 52. gxf5 gxf5 53.
Kf3 Bd5+ 54. e4 fxe4+ 55. Bxe4 Bxe4+ 56. Kxe4 Ke6 57. f5+ Kf7 58. Kf4 Bc1+ 59.
Be3 Bxe3+ 60. Kxe3 Ke7 61. Ke4 Kf7 62. Ke5 Ke7 63. h4 Kf7 64. f6 Kf8 65. Ke6
Ke8 66. f7+ Kf8 67. Kf6 h6 68. Kg6 h5 69. Kxh5 Kxf7 70. Kh6 Kg8 1/2-1/2

[Event "III Weekend INPS"]
[Site "Roma ITA"]
[Date "1998.04.??"]
[Round "3"]
[White "Ortega, Lexy"]
[Black "Cerasi, Umberto"]
[Result "1-0"]
[WhiteElo "2475"]
[BlackElo "1920"]
[PlyCount "74"]
[EventDate "1998.04.??"]

1. d4 d5 2. c4 e6 3. Nf3 Nf6 4. Nc3 Be7 5. Bf4 c6 6. e3 Nbd7 7. Qc2 Qa5 8. Bd3
dxc4 9. Bxc4 Nb6 10. Be2 Nbd5 11. Be5 Nxc3 12. bxc3 Nd5 13. Bxg7 Rg8 14. Be5 f6
15. Bg3 Qxc3+ 16. Qxc3 Nxc3 17. Bd3 Rg7 18. O-O Ba3 19. Nd2 b5 20. Ne4 Nxe4 21.
Bxe4 Bb7 22. Rab1 a5 23. Rfd1 Rd8 24. Rd3 b4 25. Bh4 f5 26. Bxd8 fxe4 27. Rxa3
bxa3 28. Bxa5 Ba6 29. Rb8+ Kf7 30. Rb3 Be2 31. Bc3 Rg5 32. h4 Rg4 33. Rxa3 Bf3
34. Ra7+ Kg6 35. g3 h5 36. a4 Kh6 37. Rc7 Rg8 1-0

[Event "III Weekend INPS"]
[Site "Roma ITA"]
[Date "1998.04.??"]
[Round "3"]
[White "Passerotti, Pierluigi"]
[Black "Quimi, Marco"]
[Result "0-1"]
[WhiteElo "2305"]
[BlackElo "2225"]
[PlyCount "48"]
[EventDate "1998.04.??"]

1. d4 d5 2. c4 c6 3. Nc3 e6 4. e3 f5 5. Bd3 Nf6 6. Qc2 g6 7. b3 Bd6 8. Bb2 O-O
9. Nge2 Nbd7 10. O-O-O b6 11. f3 Qe7 12. h3 Bb7 13. Kb1 Rad8 14. Rhe1 e5 15. e4
exd4 16. Nxd4 c5 17. Ndb5 Bg3 18. Re2 fxe4 19. fxe4 dxe4 20. Qc1 a6 21. Na3 e3
22. Nd5 Nxd5 23. cxd5 b5 24. Nc2 Bf2 0-1

[Event "III Weekend INPS"]
[Site "Roma ITA"]
[Date "1998.04.??"]
[Round "3"]
[White "Picciotti, Francesco"]
[Black "Pierangeli, Andrea"]
[Result "0-1"]
[WhiteElo "1600"]
[BlackElo "1810"]
[PlyCount "94"]
[EventDate "1998.04.??"]

1. e4 c5 2. c3 Nc6 3. d4 cxd4 4. cxd4 e6 5. Nf3 Bb4+ 6. Nc3 Nge7 7. Bd3 O-O 8.
O-O Ng6 9. Be3 d6 10. Rc1 Bxc3 11. bxc3 b6 12. Bb1 e5 13. Qd2 Na5 14. Rfd1 Nc4
15. Qe2 Qc7 16. Bd3 Ba6 17. Nd2 Nxe3 18. Qxe3 Bxd3 19. Qxd3 Nf4 20. Qf1 Rac8
21. g3 Ne6 22. f4 f6 23. Nb3 Qb7 24. Re1 exd4 25. f5 Ng5 26. Nxd4 Rfe8 27. Nb5
Qc6 28. Nxa7 Qc5+ 29. Kh1 Ra8 30. Nb5 Rxa2 31. Nd4 Rxe4 32. Rxe4 Nxe4 33. Qf3
d5 34. Ne6 Qf2 35. Qxf2 Nxf2+ 36. Kg1 Nh3+ 37. Kh1 Nf2+ 38. Kg1 Ng4 39. h3 Ne3
40. Rb1 Rg2+ 41. Kh1 Rxg3 42. Kh2 Rg2+ 43. Kh1 Rc2 44. Rxb6 Nxf5 45. Rb5 Rxc3
46. Kh2 Rc2+ 47. Kg1 Rd2 0-1

[Event "III Weekend INPS"]
[Site "Roma ITA"]
[Date "1998.04.??"]
[Round "3"]
[White "Rossetti, Mauro"]
[Black "Piancatelli, Marco"]
[Result "1/2-1/2"]
[WhiteElo "1912"]
[BlackElo "1822"]
[PlyCount "82"]
[EventDate "1998.04.??"]

1. e4 c6 2. d4 d5 3. Nc3 dxe4 4. Nxe4 Bf5 5. Ng3 Bg6 6. Nf3 Nd7 7. h4 h6 8. h5
Bh7 9. Bd3 Bxd3 10. Qxd3 e6 11. Bd2 Ngf6 12. O-O-O Qc7 13. Kb1 O-O-O 14. Qe2
Bd6 15. Ne4 Nxe4 16. Qxe4 Nf6 17. Qe2 Rhe8 18. Ne5 Kb8 19. f4 Bf8 20. Bc1 Nd5
21. c4 Nf6 22. g4 c5 23. g5 Ng8 24. Be3 f6 25. gxf6 Nxf6 26. dxc5 Bxc5 27. Bxc5
Qxc5 28. Rhg1 Qc7 29. Rxd8+ Rxd8 30. Ng6 Qc5 31. Rd1 Rxd1+ 32. Qxd1 a6 33. Ne5
Ka7 34. a3 Qe3 35. Qd6 Qe1+ 36. Ka2 a5 37. Qc5+ Kb8 38. Qd6+ Ka7 39. Qc5+ Ka8
40. Qf8+ Ka7 41. Qc5+ Kb8 1/2-1/2

[Event "III Weekend INPS"]
[Site "Roma ITA"]
[Date "1998.04.??"]
[Round "3"]
[White "Rossi De Gasperis, Pietro"]
[Black "De Carolis, Massimo"]
[Result "1-0"]
[WhiteElo "1704"]
[BlackElo "1705"]
[PlyCount "89"]
[EventDate "1998.04.??"]

1. e4 d6 2. d4 Nf6 3. Nc3 c6 4. Be2 Qb6 5. Nf3 Nbd7 6. O-O e6 7. h3 Be7 8. Rb1
Nf8 9. Be3 Qc7 10. Re1 Ng6 11. Qd2 O-O 12. Bf1 Bd7 13. a3 Rad8 14. Red1 a6 15.
Qc1 b5 16. b4 Bc8 17. Bd3 e5 18. dxe5 dxe5 19. a4 Nh5 20. a5 Nhf4 21. Bb6 Qb8
22. Bxd8 Rxd8 23. Bf1 Re8 24. Ne2 c5 25. c3 Be6 26. Qe3 Rc8 27. Nc1 Qc7 28. g3
Nxh3+ 29. Kh2 Nhf4 30. gxf4 Nxf4 31. Nd3 Bg4 32. Kg3 h5 33. Nxc5 Qc6 34. Nxe5
Qf6 35. Nf3 Bxf3 36. Qxf4 Bxd1 37. Qxf6 Bxf6 38. Rxd1 Bxc3 39. Nxa6 Be5+ 40. f4
h4+ 41. Kg4 Bf6 42. Nc5 g6 43. e5 Be7 44. Rd5 Kg7 45. a6 1-0

[Event "III Weekend INPS"]
[Site "Roma ITA"]
[Date "1998.04.??"]
[Round "3"]
[White "Scacco, Mauro"]
[Black "Vannelli, Vittorio"]
[Result "1-0"]
[WhiteElo "2050"]
[BlackElo "1735"]
[PlyCount "57"]
[EventDate "1998.04.??"]

1. Nf3 Nf6 2. d4 g6 3. Bf4 Bg7 4. c3 d6 5. Nbd2 Nbd7 6. e4 e5 7. dxe5 dxe5 8.
Bg5 O-O 9. Bc4 c6 10. O-O b5 11. Bb3 Qc7 12. a4 bxa4 13. Bxa4 Nc5 14. Bc2 Ba6
15. Re1 Bd3 16. b4 Bxc2 17. Qxc2 Ne6 18. Bh4 Nd7 19. Nc4 f5 20. Be7 fxe4 21.
Bxf8 Rxf8 22. Rxe4 Nf4 23. Qa2 Nd5 24. Ng5 Nxc3 25. Qb3 Nd5 26. Qh3 N7f6 27.
Qe6+ Kh8 28. Nxe5 h6 29. Nxg6# 1-0

[Event "III Weekend INPS"]
[Site "Roma ITA"]
[Date "1998.04.??"]
[Round "3"]
[White "Simeoni, Matteo"]
[Black "Catena, Marco"]
[Result "1-0"]
[WhiteElo "2035"]
[BlackElo "1723"]
[PlyCount "92"]
[EventDate "1998.04.??"]

1. e4 e6 2. d4 d5 3. Nc3 Nf6 4. Bg5 Be7 5. e5 Nfd7 6. Bxe7 Qxe7 7. f4 a6 8. Qg4
O-O 9. Bd3 f5 10. exf6 Nxf6 11. Qg5 Nbd7 12. Nf3 c5 13. dxc5 Nxc5 14. O-O-O b5
15. Rhe1 Qc7 16. Re3 b4 17. Ne2 b3 18. axb3 Nxb3+ 19. Kb1 Nc5 20. Ne5 Nfe4 21.
Qh4 Rf6 22. Ng3 Rh6 23. Nh5 Rb8 24. Bxe4 Nxe4 25. Rxe4 Rxh5 26. Qxh5 g6 27. Qg5
dxe4 28. Qf6 Rxb2+ 29. Kxb2 Qb6+ 30. Kc1 Qe3+ 31. Rd2 Qg1+ 32. Rd1 Qe3+ 33. Kb2
Qb6+ 34. Kc3 Qa5+ 35. Kb2 Qb6+ 36. Kc3 Qa5+ 37. Kd4 Qb6+ 38. Kxe4 Bb7+ 39. Kd3
Qb5+ 40. Ke3 Qc5+ 41. Kd2 Qb4+ 42. c3 Qb2+ 43. Ke1 Qxc3+ 44. Kf1 Bxg2+ 45. Kxg2
Qc2+ 46. Kg3 Qc3+ 1-0

[Event "III Weekend INPS"]
[Site "Roma ITA"]
[Date "1998.04.??"]
[Round "3"]
[White "Spano' Cuomo, Gaetano"]
[Black "Scagliarini, Valentina"]
[Result "1/2-1/2"]
[WhiteElo "1866"]
[BlackElo "1762"]
[PlyCount "121"]
[EventDate "1998.04.??"]

1. d4 d5 2. Nf3 Nf6 3. e3 Bg4 4. Be2 Nbd7 5. Nbd2 e6 6. O-O Bd6 7. b3 O-O 8. c4
c6 9. Bb2 Qe7 10. Ne5 Bf5 11. Ndf3 Rad8 12. Nh4 Ne4 13. Nxf5 exf5 14. Nxd7 Rxd7
15. g3 Kh8 16. cxd5 cxd5 17. Rc1 g5 18. Bf3 f4 19. exf4 gxf4 20. Bxe4 Qxe4 21.
Re1 Qg6 22. Qf3 Rg8 23. Kh1 Qg5 24. gxf4 Qf5 25. Rg1 Rdd8 26. Rce1 Rxg1+ 27.
Rxg1 Qxf4 28. Qxf4 Bxf4 29. Bc1 Bxc1 30. Rxc1 Rd7 31. Kg2 Kg7 32. Kf3 Kf6 33.
Kf4 Ke6 34. h4 h6 35. Kg4 Kf6 36. Rc2 Kg6 37. f4 Kf6 38. Re2 Rd8 39. Re5 Kg6
40. h5+ Kf6 41. f5 Rd7 42. Re2 Rd8 43. Kf4 Rd7 44. Rc2 Re7 45. Rc3 Re8 46. Rc7
Re4+ 47. Kf3 Rxd4 48. Rxb7 Rd3+ 49. Ke2 Rh3 50. Rxa7 Rxh5 51. b4 Rxf5 52. b5 h5
53. Ra3 d4 54. b6 Re5+ 55. Kd2 Re8 56. Rh3 Ke7 57. Rxh5 Kd7 58. a4 Kc6 59. a5
Kb7 60. Rd5 Ka6 61. Rf5 1/2-1/2

[Event "III Weekend INPS"]
[Site "Roma ITA"]
[Date "1998.04.??"]
[Round "3"]
[White "Terreni, Fabio"]
[Black "Gardon, Ermanno"]
[Result "0-1"]
[WhiteElo "1708"]
[BlackElo "1818"]
[PlyCount "96"]
[EventDate "1998.04.??"]

1. e4 e6 2. d4 c5 3. c3 d5 4. exd5 exd5 5. Nf3 Bd6 6. dxc5 Bxc5 7. Bb5+ Nc6 8.
Nd4 Nge7 9. O-O O-O 10. Bxc6 Nxc6 11. Be3 Bd6 12. Nd2 a6 13. h3 Re8 14. N2f3
Na5 15. b3 Bd7 16. Re1 Rc8 17. Qd3 Nc6 18. Nxc6 Rxc6 19. Bd4 Bf8 20. Rxe8 Qxe8
21. Re1 Re6 22. Rxe6 Qxe6 23. Qe3 Qg6 24. Kh2 Qd6+ 25. Qe5 Bf5 26. b4 f6 27.
Qxd6 Bxd6+ 28. g3 Kf7 29. Nd2 Bc2 30. Kg2 Ke6 31. f4 h5 32. h4 Kf5 33. Kf3 Bd1+
34. Kf2 Be7 35. Bb6 g5 36. hxg5 fxg5 37. fxg5 Bxg5 38. Be3 Be7 39. Bd4 Bd6 40.
Kg2 Kg4 41. Nf1 Bf3+ 42. Kf2 Be4 43. Kg1 Kf3 44. a3 Bd3 45. Ne3 Bxg3 46. Nxd5
h4 47. Kh1 h3 48. Bg1 Bf1 0-1

[Event "III Weekend INPS"]
[Site "Roma ITA"]
[Date "1998.04.??"]
[Round "3"]
[White "Vigile, Matteo"]
[Black "Simeone, Giulio"]
[Result "0-1"]
[WhiteElo "1774"]
[BlackElo "1717"]
[PlyCount "96"]
[EventDate "1998.04.??"]

1. e4 c6 2. d4 d5 3. Nc3 dxe4 4. Nxe4 g6 5. Nf3 Bg7 6. Bc4 Nh6 7. c3 O-O 8. O-O
Nf5 9. Bf4 Nd6 10. Nxd6 exd6 11. Qd2 Bg4 12. Ng5 d5 13. Be2 Bxe2 14. Qxe2 Re8
15. Qg4 Nd7 16. Qh3 Nf6 17. Be5 Qd7 18. Qh4 Qg4 19. Qxg4 Nxg4 20. Bxg7 Kxg7 21.
h3 Nf6 22. Rfe1 a5 23. Kf1 a4 24. Rxe8 Rxe8 25. Re1 Rxe1+ 26. Kxe1 a3 27. bxa3
h6 28. Nf3 Ne4 29. c4 dxc4 30. Ne5 c3 31. Nd3 Nd6 32. Kd1 Nf5 33. Kc2 Nxd4+ 34.
Kxc3 Ne6 35. a4 Kf6 36. Kc4 Ke7 37. a5 Kd6 38. g3 f5 39. f4 g5 40. fxg5 Nxg5
41. Nf4 Ne4 42. g4 fxg4 43. hxg4 Nf6 44. g5 hxg5 45. Nd3 g4 46. a6 bxa6 47. Kb4
g3 48. Nf4 Nd5+ 0-1

[Event "III Weekend INPS"]
[Site "Roma ITA"]
[Date "1998.04.??"]
[Round "4"]
[White "Catena, Marco"]
[Black "Manzanilla, Rufino"]
[Result "1-0"]
[WhiteElo "1723"]
[BlackElo "1726"]
[PlyCount "129"]
[EventDate "1998.04.??"]

1. d4 f5 2. c4 Nf6 3. Nc3 g6 4. g3 Bg7 5. Bg2 O-O 6. Nf3 c6 7. O-O d5 8. Qd3
Na6 9. a3 Kh8 10. Ne5 Nc7 11. Rd1 Be6 12. b3 Rb8 13. a4 Ne4 14. f4 Ne8 15. Nxe4
fxe4 16. Qc2 Nd6 17. e3 Nf5 18. Qc3 Rc8 19. Ba3 Nd6 20. Rac1 Bf6 21. Qe1 Qe8
22. g4 g5 23. f5 Bg8 24. Qg3 b5 25. axb5 cxb5 26. c5 Nb7 27. b4 Nd8 28. Qh3 Kg7
29. Bf1 a6 30. Bb2 e6 31. Ra1 exf5 32. gxf5 Nc6 33. Ng4 h5 34. Nxf6 Rxf6 35.
Rxa6 Nxb4 36. Ra7+ Kh6 37. Be2 Bf7 38. Bc3 Nd3 39. Be1 Nxe1 40. Rxe1 Rb8 41.
Rea1 b4 42. R7a6 Rxa6 43. Rxa6+ Kg7 44. Qg3 Qg8 45. Qe5+ Kh7 46. Qd6 Qf8 47.
Qxf8 Rxf8 48. Rb6 Be8 49. Rxb4 Rxf5 50. Bb5 Rf8 51. Bxe8 Rxe8 52. Rb7+ Kg6 53.
Rd7 Kf5 54. Rxd5+ Kg4 55. Kg2 Ra8 56. h3+ Kh4 57. Rf5 Ra3 58. c6 Rxe3 59. c7
Rg3+ 60. Kf2 Kxh3 61. c8=Q Rg2+ 62. Ke3 Kh4 63. Kxe4 Rg3 64. Qc1 Kh3 65. Rxg5
1-0

[Event "III Weekend INPS"]
[Site "Roma ITA"]
[Date "1998.04.??"]
[Round "4"]
[White "Cerasi, Umberto"]
[Black "Piancatelli, Marco"]
[Result "0-1"]
[WhiteElo "1920"]
[BlackElo "1822"]
[PlyCount "56"]
[EventDate "1998.04.??"]

1. e4 c6 2. d4 d5 3. Nd2 dxe4 4. Nxe4 Bf5 5. Ng3 Bg6 6. Bc4 e6 7. N1e2 Nd7 8.
Nf4 Ngf6 9. h4 Bd6 10. h5 Bf5 11. Nxf5 Qa5+ 12. c3 Qxf5 13. Bd3 Qa5 14. g4
O-O-O 15. Qf3 e5 16. g5 exf4 17. gxf6 Rhe8+ 18. Kf1 Nxf6 19. Bxf4 Bxf4 20. Qxf4
Qc7 21. Qg5 Qe7 22. Qxg7 Rg8 23. Qh6 Rde8 24. Rh3 Qd6 25. Rh4 Ne4 26. Qc1 Ng3+
27. fxg3 Qxg3 28. Bf5+ Kd8 0-1

[Event "III Weekend INPS"]
[Site "Roma ITA"]
[Date "1998.04.??"]
[Round "4"]
[White "Corvi, Marco"]
[Black "Ortega, Lexy"]
[Result "0-1"]
[WhiteElo "2320"]
[BlackElo "2475"]
[PlyCount "118"]
[EventDate "1998.04.??"]

1. c4 e6 2. Nc3 d5 3. cxd5 exd5 4. d4 c6 5. Bf4 Bf5 6. e3 Bd6 7. Nge2 Ne7 8. f3
Na6 9. a3 O-O 10. g4 Be6 11. Bg2 Nc7 12. O-O Ng6 13. Bxd6 Qxd6 14. Qe1 f5 15.
gxf5 Bxf5 16. Qg3 Qe7 17. e4 Be6 18. Rae1 Rf7 19. f4 dxe4 20. Nxe4 Bf5 21. Ng5
Rf6 22. Qb3+ Kh8 23. Qxb7 Qd6 24. Rc1 Ne7 25. Qb3 Ncd5 26. Ng3 Rb8 27. Qf3 Rff8
28. Nxf5 Nxf5 29. Qh5 Nh6 30. Bxd5 Qxd5 31. Qf3 Qxd4+ 32. Qf2 Rxf4 33. Qxd4
Rxd4 34. Nf7+ Nxf7 35. Rxf7 Kg8 36. Rf2 Rg4+ 37. Kf1 Rg6 38. b4 Rb5 39. Re1 h5
40. Re8+ Kh7 41. Rff8 Rg4 42. Rh8+ Kg6 43. Re6+ Kg5 44. Rxc6 Rf5+ 45. Ke2 Rg2+
46. Ke3 Rxh2 47. Rc7 Rh3+ 48. Ke4 Rf4+ 49. Ke5 Re3+ 50. Kd5 Rd3+ 51. Ke5 g6 52.
Rxa7 Rff3 53. Ke6 Rfe3+ 54. Kf7 Rxa3 55. Rb7 Re5 56. b5 Rf3+ 57. Kg7 h4 58. b6
Re6 59. Rh6 Rf5 0-1

[Event "III Weekend INPS"]
[Site "Roma ITA"]
[Date "1998.04.??"]
[Round "4"]
[White "De Carolis, Massimo"]
[Black "Picciotti, Francesco"]
[Result "0-1"]
[WhiteElo "1705"]
[BlackElo "1600"]
[PlyCount "56"]
[EventDate "1998.04.??"]

1. d4 d5 2. Nf3 Nf6 3. Bf4 e6 4. e3 Bd6 5. Ne5 O-O 6. Bd3 c5 7. c3 Nc6 8. Nd2
Qc7 9. Ndf3 Ne4 10. Qc2 f6 11. Nxc6 Bxf4 12. exf4 Qxc6 13. dxc5 f5 14. b4 b6
15. Ne5 Qc7 16. c6 Nd6 17. O-O Nf7 18. Nxf7 Rxf7 19. b5 Qxf4 20. a4 e5 21. f3
Qe3+ 22. Kh1 e4 23. fxe4 fxe4 24. Be2 Bf5 25. c4 d4 26. Rxf5 Rxf5 27. Bg4 Rf2
28. c7 Rxc2 0-1

[Event "III Weekend INPS"]
[Site "Roma ITA"]
[Date "1998.04.??"]
[Round "4"]
[White "De Vita, Gianni"]
[Black "Barletta, Antonio"]
[Result "0-1"]
[WhiteElo "2160"]
[BlackElo "1866"]
[PlyCount "118"]
[EventDate "1998.04.??"]

1. e4 e5 2. Nf3 Nc6 3. d4 exd4 4. Nxd4 Nf6 5. Nxc6 bxc6 6. e5 Qe7 7. Qe2 Nd5 8.
c4 Ba6 9. g3 Nb6 10. b3 d5 11. Bg2 Qd7 12. Nd2 Bb4 13. O-O O-O 14. Rd1 Qf5 15.
Nf3 Bc3 16. Nd4 Qg6 17. Bh3 Bc8 18. Bxc8 Raxc8 19. Bb2 Bxb2 20. Qxb2 dxc4 21.
bxc4 Rfe8 22. Qc3 c5 23. Nf3 Qe4 24. Rac1 h6 25. Re1 Qc6 26. Nh4 Rcd8 27. Nf5
Qe6 28. Qf3 Kh7 29. Qf4 Rd7 30. g4 Qg6 31. Re3 Qg5 32. Qe4 Qg6 33. h4 Kg8 34.
Rce1 Qe6 35. Rc1 Red8 36. Kg2 Rd2 37. a3 Ra2 38. Rf3 Rdd2 39. Ne3 Qe8 40. Nd5
Qe6 41. Nxc7 Qd7 42. e6 fxe6 43. Qxe6+ Qxe6 44. Nxe6 Nd7 45. Rb1 Rab2 46. Rxb2
Rxb2 47. Rf5 Rb3 48. g5 Rxa3 49. g6 Ra6 50. Nxc5 Nxc5 51. Rxc5 Rxg6+ 52. Kf3
Rf6+ 53. Ke3 Ra6 54. f4 Ra1 55. Ke4 a5 56. Kf5 a4 57. Ra5 a3 58. c5 a2 59. c6
Rc1 0-1

[Event "III Weekend INPS"]
[Site "Roma ITA"]
[Date "1998.04.??"]
[Round "4"]
[White "De Vita, Igor"]
[Black "Simeoni, Matteo"]
[Result "1/2-1/2"]
[WhiteElo "2125"]
[BlackElo "2035"]
[PlyCount "78"]
[EventDate "1998.04.??"]

1. e4 c5 2. Nc3 Nc6 3. Nf3 Nf6 4. Bc4 e6 5. Qe2 Qc7 6. O-O a6 7. a4 Nd4 8. Nxd4
cxd4 9. e5 dxc3 10. exf6 gxf6 11. bxc3 Be7 12. Re1 d5 13. Bb3 b6 14. Qh5 Qc6
15. Re3 Bb7 16. d4 Qd7 17. Bd2 Bd6 18. Rf3 Qe7 19. Qh6 Rg8 20. Qxf6 Qxf6 21.
Rxf6 Ke7 22. Rh6 Rg7 23. Re1 Rag8 24. g3 Kd7 25. Rh3 Bc8 26. f4 Kc7 27. c4 e5
28. Rh4 dxc4 29. Bxc4 exd4 30. Bd3 Bb7 31. Rxh7 Rxh7 32. Bxh7 Rg7 33. Bd3 a5
34. Rb1 Bc5 35. Kf1 Bc6 36. Bb5 Be4 37. Bd3 Bc6 38. Bb5 Be4 39. Bd3 Bc6 1/2-1/2

[Event "III Weekend INPS"]
[Site "Roma ITA"]
[Date "1998.04.??"]
[Round "4"]
[White "Di Lascio, Savino"]
[Black "Rossi De Gasperis, Pietro"]
[Result "0-1"]
[WhiteElo "1864"]
[BlackElo "1704"]
[PlyCount "48"]
[EventDate "1998.04.??"]

1. Nf3 f5 2. g3 Nf6 3. Bg2 e6 4. O-O Be7 5. d3 O-O 6. Nbd2 d6 7. c3 Nc6 8. b4
Nd5 9. Qb3 Bf6 10. Bb2 Rb8 11. e4 fxe4 12. Nxe4 Qe8 13. Rae1 Qg6 14. Nxf6+ Nxf6
15. d4 Kh8 16. Bh3 e5 17. Bxc8 Rbxc8 18. dxe5 dxe5 19. Nxe5 Nxe5 20. Rxe5 Ng4
21. Re7 Rxf2 22. Rxf2 Nxf2 23. c4 Nh3+ 24. Kh1 Qc6+ 0-1

[Event "III Weekend INPS"]
[Site "Roma ITA"]
[Date "1998.04.??"]
[Round "4"]
[White "Gardon, Ermanno"]
[Black "D'Andrea, Stefano"]
[Result "1-0"]
[WhiteElo "1818"]
[BlackElo "1663"]
[PlyCount "51"]
[EventDate "1998.04.??"]

1. e4 d6 2. d4 Nf6 3. Nc3 g6 4. f3 c6 5. Be3 Nbd7 6. h4 b5 7. Qd2 h5 8. Nh3 Qa5
9. a3 Rb8 10. Ng5 e5 11. Be2 Be7 12. O-O Qc7 13. d5 a6 14. dxc6 Qxc6 15. Na2
Nb6 16. Nb4 Qc7 17. b3 O-O 18. a4 a5 19. Nd5 Nfxd5 20. exd5 b4 21. f4 Bb7 22.
Bf3 Bf6 23. Rac1 Qc3 24. Qxc3 bxc3 25. Bxb6 Ba6 26. Bc7 1-0

[Event "III Weekend INPS"]
[Site "Roma ITA"]
[Date "1998.04.??"]
[Round "4"]
[White "Marta, Daniele"]
[Black "Terreni, Fabio"]
[Result "1-0"]
[WhiteElo "1888"]
[BlackElo "1708"]
[PlyCount "94"]
[EventDate "1998.04.??"]

1. d4 g6 2. c4 Bg7 3. Nf3 d6 4. Nc3 Nf6 5. e4 O-O 6. Be2 e5 7. O-O Nc6 8. d5
Ne7 9. Ne1 Ne8 10. Be3 f5 11. f3 f4 12. Bf2 g5 13. b4 Rf7 14. c5 Bf8 15. a4 Rg7
16. cxd6 cxd6 17. a5 Bd7 18. Rc1 h5 19. Nb5 Bxb5 20. Bxb5 Nc7 21. Be2 Qd7 22.
Qc2 Rc8 23. Qb3 a6 24. Nd3 Kh8 25. Nb2 Nb5 26. Qa4 Rxc1 27. Rxc1 Ng8 28. Bxb5
axb5 29. Qc2 g4 30. Qc8 Qf7 31. Kh1 g3 32. Bb6 Ne7 33. Qh3 gxh2 34. Rc7 Qg6 35.
Rxb7 Nxd5 36. Rxg7 Kxg7 37. exd5 Qb1+ 38. Kxh2 Qxb2 39. Qd7+ Kg8 40. Qxb5 e4
41. fxe4 f3 42. Qf1 Qe5+ 43. Kh1 Qxe4 44. Qxf3 Qh4+ 45. Qh3 Qe1+ 46. Kh2 Bg7
47. Qe6+ Kh8 1-0

[Event "III Weekend INPS"]
[Site "Roma ITA"]
[Date "1998.04.??"]
[Round "4"]
[White "Marzano, Carlo"]
[Black "Iatrino, Vincenzo"]
[Result "1-0"]
[WhiteElo "2185"]
[BlackElo "1740"]
[PlyCount "107"]
[EventDate "1998.04.??"]

1. d4 e6 2. Nf3 c5 3. e3 Nf6 4. Bd3 Nc6 5. c3 b6 6. O-O Bb7 7. Re1 cxd4 8. exd4
Be7 9. Nbd2 O-O 10. Qe2 Nd5 11. Nf1 Qc7 12. g3 h6 13. Ne3 Nxe3 14. Bxe3 Rac8
15. Bf4 d6 16. Qe4 g6 17. Qe2 Kg7 18. Rad1 Qd8 19. Bc1 Nb8 20. Bb1 Bd5 21. h4
h5 22. Qe3 Rh8 23. Qd3 Nd7 24. Ng5 Qe8 25. b3 Bxg5 26. Bxg5 f5 27. c4 Be4 28.
Rxe4 fxe4 29. Qxe4 Qf7 30. Re1 e5 31. Re3 Rhf8 32. Rf3 Qe6 33. Bd2 Rxf3 34.
Qxf3 exd4 35. Qf4 Rh8 36. Qxd4+ Qe5 37. Qd3 Qe6 38. Bc3+ Ne5 39. f4 Rf8 40.
fxe5 dxe5 41. Bxe5+ Kh7 42. Bf4 Re8 43. Kg2 Qg4 44. Be3 Rf8 45. Bf4 Re8 46. Be3
Rf8 47. Bf2 Re8 48. Bc2 Qe6 49. Bd1 Kh6 50. Qd2+ Kh7 51. Bf3 Qf5 52. Be3 Qe6
53. Bf4 Qf5 54. Bd5 1-0